Name a Year the U.S. Presidents were in Office - Statistics

General Stats
  • This quiz has been taken 60 times
  • The average score is 14 of 16
Answer Stats
President Years in Office % Correct
George Washington 1789|1790|1791|1792|1793|1794|1795|1796|1797
100%
Thomas Jefferson 1801|1802|1803|1804|1805|1806|1807|1808|1809
100%
Abraham Lincoln 1861|1862|1863|1864|1865
100%
Franklin D. Roosevelt 1933|1934|1935|1936|1937|1938|1939|1940|1941|1942|1943|1944|1945
100%
Dwight D. Eisenhower 1953|1954|1955|1956|1957|1958|1959|1960|1961
100%
John F. Kennedy 1961|1962|1963
100%
Richard Nixon 1969|1970|1971|1972|1973|1974
100%
Gerald Ford 1974|1975|1976|1977
100%
Jimmy Carter 1977|1978|1979|1980|1981
100%
Ronald Reagan 1981|1982|1983|1984|1985|1986|1987|1988|1989
100%
George H. W. Bush 1989|1990|1991|1992|1993
100%
Bill Clinton 1993|1994|1995|1996|1997|1998|1999|2000|2001
100%
George W. Bush 2001|2002|2003|2004|2005|2006|2007|2008|2009
100%
Barack Obama 2009|2010|2011|2012|2013|2014|2015|2016|2017
100%
Donald Trump 2017|2018|2019|2020|2021
100%
Joe Biden 2021|2022|2023|2024
100%
Calvin Coolidge 1923|1924|1925|1926|1927|1928|1929
94%
Herbert Hoover 1929|1930|1931|1932|1933
94%
John Adams 1797|1798|1799|1800|1801
93%
Theodore Roosevelt 1901|1902|1903|1904|1905|1906|1907|1908|1909
92%
Woodrow Wilson 1913|1914|1915|1916|1917|1918|1919|1920|1921
92%
Lyndon B. Johnson 1963|1964|1965|1966|1967|1968|1969
92%
Harry S. Truman 1945|1946|1947|1948|1949|1950|1951|1952|1953
91%
Ulysses S. Grant 1869|1870|1871|1872|1873|1874|1875|1876|1877
88%
Rutherford B. Hayes 1877|1878|1879|1880|1881
86%
James Madison 1809|1810|1811|1812|1813|1814|1815|1816|1817
83%
John Quincy Adams 1825|1826|1827|1828|1829
80%
Millard Fillmore 1850|1851|1852|1853
80%
William H. Taft 1909|1910|1911|1912|1913
80%
James Buchanan 1857|1858|1859|1860|1861
79%
Andrew Jackson 1829|1830|1831|1832|1833|1834|1835|1836|1837
75%
William Henry Harrison 1841
75%
Chester A. Arthur 1881|1882|1883|1884|1885
75%
Benjamin Harrison 1889|1890|1891|1892|1893
72%
James Monroe 1817|1818|1819|1820|1821|1822|1823|1824|1825
71%
Andrew Johnson 1865|1866|1867|1868|1869
71%
Grover Cleveland 1885|1886|1887|1888|1889|1893|1894|1895|1896|1897
71%
Warren G. Harding 1921|1922|1923
71%
Franklin Pierce 1853|1854|1855|1856|1857
69%
Martin Van Buren 1837|1838|1839|1840|1841
64%
John Tyler 1841|1842|1843|1844|1845
64%
Zachary Taylor 1849|1850
59%
James K. Polk 1845|1846|1847|1848|1849
58%
James A. Garfield 1881
55%
William McKinley 1897|1898|1899|1900|1901
50%
No matching quizzes found
Score Distribution
Percent of People with Each Score
Percentile by Number Answered
Your Score History
You have not taken this quiz